[Event "Bunratty Masters 2008"]
[Site "Bunratty IRL"]
[Date "2008.02.23"]
[Round "2"]
[White "McPhillips, Karl"]
[Black "Williams, Simon"]
[Result "0-1"]
[BlackTitle "IM"]
[WhiteElo "2206"]
[BlackElo "2482"]
[WhiteICU "2236"]
[WhiteClub "Kilkenny"]
[WhiteNationality "IRL"]
[BlackNationality "ENG"]
[WhiteFideId "2501503"]
[BlackFideId "404454"]
[PlyCount "62"]
[EventDate "2008.02.22"]
[Source "TWIC 696"]

{ Event information: <a
href="https://www.irlchess.com/bunratty2008_allfiles/pairings_bunratty2008.html">Tournament
report</a>. }

1. d4 e6 2. c4 f5 3. Nc3 Nf6 4. e3 d5 5. Bd3 c6 6. Nf3 Bd6 7. Qc2 Ne4 8. a4
a5 9. O-O Na6 10. Ne2 Nb4 11. Qb1 O-O 12. Bd2 Qf6 13. Bxb4 axb4 14. c5 Bc7
15. Qe1 Qh6 16. Qxb4 Nf6 17. Qd2 g5 18. b4 Nd7 19. Qc3 g4 20. Ne5 Nxe5 21.
dxe5 Qg7 22. f4 gxf3 23. Rxf3 Bxe5 24. Nd4 f4 25. Raf1 Bd7 26. Rh3 h6 27.
Qe1 fxe3 28. Nf3 Bf4 29. g3 e5 30. Rh4 e4 31. Kh1 exf3 0-1

[Event "Bunratty Masters 2008"]
[Site "Bunratty IRL"]
[Date "2008.02.23"]
[Round "2"]
[White "Murray, David B."]
[Black "Cooper, Lawrence"]
[Result "0-1"]
[BlackTitle "IM"]
[WhiteElo "1990"]
[BlackElo "2306"]
[WhiteClub "Gonzaga"]
[WhiteNationality "IRL"]
[BlackNationality "ENG"]
[WhiteFideId "2501511"]
[BlackFideId "401536"]
[PlyCount "30"]
[EventDate "2008.02.22"]
[Source "TWIC 696"]

{ Event information: <a
href="https://www.irlchess.com/bunratty2008_allfiles/pairings_bunratty2008.html">Tournament
report</a>. }

1. e4 e5 2. Nf3 Nc6 3. d4 exd4 4. Nxd4 Nf6 5. Nxc6 bxc6 6. e5 Qe7 7. Qe2
Nd5 8. c4 Nb6 9. b3 a5 10. Bb2 a4 11. Nd2 axb3 12. Nxb3 Qb4+ 13. Qd2 Nxc4
14. Bc3 Nxd2 15. Bxb4 Nxb3 0-1

[Event "Bunratty Masters 2008"]
[Site "Bunratty IRL"]
[Date "2008.02.23"]
[Round "2"]
[White "Pert, Nick"]
[Black "Heinrich, Jan"]
[Result "1-0"]
[WhiteTitle "GM"]
[WhiteElo "2528"]
[BlackElo "2133"]
[BlackICU "2084"]
[WhiteNationality "ENG"]
[BlackNationality "SVK"]
[WhiteFideId "403989"]
[BlackFideId "14902060"]
[PlyCount "57"]
[EventDate "2008.02.22"]
[Source "TWIC 696"]

{ Event information: <a
href="https://www.irlchess.com/bunratty2008_allfiles/pairings_bunratty2008.html">Tournament
report</a>. }

1. d4 Nf6 2. Nf3 g6 3. c4 Bg7 4. g3 O-O 5. Bg2 d6 6. O-O Nc6 7. Nc3 Rb8 8.
h3 a6 9. e4 Na5 10. Qe2 b5 11. e5 Ne8 12. cxb5 axb5 13. b4 Nc6 14. Rd1 Nxb4
15. Rb1 Nc6 16. Ng5 Nxd4 17. Rxd4 c5 18. Rd1 h6 19. Nf3 b4 20. Ne4 Qb6 21.
Bf4 Ba6 22. Qc2 f5 23. Nc3 Bb7 24. exd6 Nxd6 25. Nd5 Bxd5 26. Rxd5 Rbc8 27.
Ne5 Bxe5 28. Rxe5 g5 29. Be3 1-0

[Event "Bunratty Masters 2008"]
[Site "Bunratty IRL"]
[Date "2008.02.23"]
[Round "2"]
[White "Quinn, Rory"]
[Black "Quinn, Mark"]
[Result "0-1"]
[BlackTitle "IM"]
[WhiteElo "2024"]
[BlackElo "2403"]
[WhiteICU "2122"]
[BlackICU "2366"]
[WhiteClub "Ennis"]
[BlackClub "Kilkenny"]
[WhiteNationality "IRL"]
[BlackNationality "IRL"]
[WhiteFideId "2501643"]
[BlackFideId "2500450"]
[PlyCount "54"]
[EventDate "2008.02.22"]
[Source "TWIC 696"]

{ Event information: <a
href="https://www.irlchess.com/bunratty2008_allfiles/pairings_bunratty2008.html">Tournament
report</a>. }

1. e4 c5 2. Nf3 e6 3. Nc3 d6 4. d4 cxd4 5. Qxd4 Nc6 6. Bb5 Bd7 7. Bxc6 bxc6
8. Bg5 Qc7 9. O-O-O e5 10. Qd3 f6 11. Be3 Be6 12. Nd2 Ne7 13. Nb3 Nc8 14.
f4 Be7 15. f5 Bf7 16. g4 a5 17. h4 a4 18. Nd2 Qb7 19. g5 d5 20. gxf6 gxf6
21. exd5 cxd5 22. Bh6 Nd6 23. Rhg1 a3 24. b3 Rc8 25. Rg7 e4 26. Qh3 Qc6 27.
Ndb1 Bf8 0-1

[Event "Bunratty Masters 2008"]
[Site "Bunratty IRL"]
[Date "2008.02.23"]
[Round "2"]
[White "Short, Stephen"]
[Black "Thorfinnsson, Bjorn"]
[Result "1/2-1/2"]
[BlackTitle "FM"]
[WhiteElo "2033"]
[BlackElo "2364"]
[WhiteICU "1807"]
[WhiteNationality "IRL"]
[BlackNationality "ISL"]
[WhiteFideId "2500108"]
[BlackFideId "2300982"]
[PlyCount "69"]
[EventDate "2008.02.22"]
[Source "TWIC 696"]
[BlackFullName "&THORN;orfinnsson, Bj&ouml;rn"]

{ Event information: <a
href="https://www.irlchess.com/bunratty2008_allfiles/pairings_bunratty2008.html">Tournament
report</a>. }

1. e4 e5 2. Nf3 Nc6 3. Bb5 Nge7 4. O-O d6 5. d4 Bd7 6. Bg5 f6 7. Be3 Ng6 8.
c4 Be7 9. Nc3 O-O 10. h3 Kh8 11. Rc1 Qc8 12. Nd5 Bd8 13. c5 exd4 14. Nxd4
Nxd4 15. Bxd7 Qxd7 16. Bxd4 c6 17. Ne3 Re8 18. Nf5 Rxe4 19. Nxd6 Re6 20.
Qb3 Be7 21. Qxb7 Qxb7 22. Nxb7 Rb8 23. Na5 Nf4 24. Rfe1 Ne2+ 25. Kf1 Nxd4
26. Rxe6 Nxe6 27. Re1 Rxb2 28. Rxe6 Bf8 29. Nxc6 Kg8 30. Re8 Kf7 31. Rc8
Bxc5 32. Nd8+ Ke7 33. Rxc5 Kxd8 34. Ra5 Rb7 35. Ra6 1/2-1/2

[Event "Bunratty Masters 2008"]
[Site "Bunratty IRL"]
[Date "2008.02.23"]
[Round "2"]
[White "Wall, Gavin"]
[Black "Griffiths, Ryan-Rhys"]
[Result "1-0"]
[WhiteTitle "IM"]
[WhiteElo "2305"]
[BlackElo "2039"]
[WhiteICU "2287"]
[BlackICU "1993"]
[BlackClub "Kilkenny"]
[WhiteNationality "IRL"]
[BlackNationality "IRL"]
[WhiteFideId "2501244"]
[BlackFideId "2502054"]
[PlyCount "73"]
[EventDate "2008.02.22"]
[Source "TWIC 696"]

{ Event information: <a
href="https://www.irlchess.com/bunratty2008_allfiles/pairings_bunratty2008.html">Tournament
report</a>. }

1. e4 c5 2. Nf3 a6 3. c4 Nc6 4. d4 cxd4 5. Nxd4 e6 6. Nc3 Bb4 7. Nxc6 bxc6
8. Bd3 Nf6 9. O-O Bxc3 10. bxc3 d5 11. cxd5 cxd5 12. exd5 Qxd5 13. c4 Qc6
14. Ba3 Bb7 15. f3 O-O-O 16. Rb1 Rd7 17. Qe2 Rhd8 18. Rb3 g5 19. Rfb1 g4
20. Rb6 Rxd3 21. Rxc6+ Bxc6 22. Qb2 Rd1+ 23. Rxd1 Rxd1+ 24. Kf2 gxf3 25.
gxf3 Rd3 26. Qxf6 Rxa3 27. Qh8+ Kd7 28. Qxh7 Rxf3+ 29. Ke2 Rf5 30. Qg7 Rf4
31. a3 Rxc4 32. Qxf7+ Kd6 33. Qf8+ Kd5 34. h4 Ke4 35. Qf3+ Ke5 36. Qg3+ Ke4
37. Qd3+ 1-0

[Event "Bunratty Masters 2008"]
[Site "Bunratty IRL"]
[Date "2008.02.23"]
[Round "2"]
[White "Wijnhoven, Theo"]
[Black "Orr, Mark J. L."]
[Result "1/2-1/2"]
[BlackTitle "IM"]
[WhiteElo "1994"]
[BlackElo "2258"]
[BlackICU "2235"]
[BlackClub "Wandering Dragons SCO"]
[WhiteNationality "NED"]
[BlackNationality "IRL"]
[WhiteFideId "1019120"]
[BlackFideId "2500035"]
[PlyCount "72"]
[EventDate "2008.02.22"]
[Source "TWIC 696"]

{ Event information: <a
href="https://www.irlchess.com/bunratty2008_allfiles/pairings_bunratty2008.html">Tournament
report</a>. }

1. e4 c5 2. Nf3 Nc6 3. d4 cxd4 4. Nxd4 g6 5. Nc3 Bg7 6. Be3 Nf6 7. Be2 O-O
8. O-O d5 9. exd5 Nxd5 10. Nxd5 Qxd5 11. Bf3 Qc4 12. Nxc6 bxc6 13. c3 Be6
14. Qc2 Bd5 15. Qb3 Qxb3 16. axb3 Bxf3 17. gxf3 a5 18. Bc5 Bf6 19. Rfe1
Rfe8 20. Ra4 Rab8 21. Rxa5 Rxb3 22. Ba3 e6 23. Rc5 Be7 24. Rxc6 Bxa3 25.
bxa3 Rxa3 26. Rd1 Rb8 27. Rc7 Rb5 28. f4 Rf5 29. Rd4 Raa5 30. Rcc4 Rfd5 31.
Rxd5 Rxd5 32. Kg2 Rd3 33. f3 Rd2+ 34. Kg3 Kf8 35. Rc7 Ke8 36. c4 Rc2
1/2-1/2

[Event "Bunratty Masters 2008"]
[Site "Bunratty IRL"]
[Date "2008.02.23"]
[Round "2"]
[White "Wilson, Alexandra"]
[Black "Murphy, Dara"]
[Result "1/2-1/2"]
[WhiteTitle "WFM"]
[WhiteElo "2070"]
[BlackElo "1956"]
[BlackICU "1863"]
[WhiteNationality "SUI"]
[BlackNationality "IRL"]
[WhiteFideId "411000"]
[BlackFideId "2501783"]
[PlyCount "58"]
[EventDate "2008.02.22"]
[Source "TWIC 696"]

{ Event information: <a
href="https://www.irlchess.com/bunratty2008_allfiles/pairings_bunratty2008.html">Tournament
report</a>. }

1. e4 e5 2. Nf3 Nc6 3. Bb5 a6 4. Ba4 Nf6 5. O-O b5 6. Bb3 Bc5 7. c3 d6 8.
d4 Bb6 9. dxe5 Nxe5 10. Nxe5 dxe5 11. Qxd8+ Kxd8 12. Bg5 Ke7 13. Bd5 Rb8
14. Nd2 h6 15. Bh4 g5 16. Bg3 Nxd5 17. exd5 f6 18. Rad1 Bb7 19. c4 bxc4 20.
Nxc4 Bc5 21. Na5 Ba8 22. Rc1 Bd6 23. Nc6+ Bxc6 24. Rxc6 Rxb2 25. Rxa6 Rd2
26. Ra5 Rb8 27. a4 Bb4 28. Ra7 Bd6 29. Ra5 Bb4 1/2-1/2

[Event "Bunratty Masters 2008"]
[Site "Bunratty IRL"]
[Date "2008.02.23"]
[Round "3"]
[White "Baburin, Alexander"]
[Black "Lopez, Alex"]
[Result "1/2-1/2"]
[WhiteTitle "GM"]
[BlackTitle "FM"]
[WhiteElo "2542"]
[BlackElo "2346"]
[WhiteICU "2556"]
[BlackICU "2335"]
[WhiteClub "Kilkenny"]
[WhiteNationality "IRL"]
[BlackNationality "IRL"]
[WhiteFideId "2500914"]
[BlackFideId "2501430"]
[PlyCount "47"]
[EventDate "2008.02.22"]
[Source "TWIC 696"]

{ Event information: <a
href="https://www.irlchess.com/bunratty2008_allfiles/pairings_bunratty2008.html">Tournament
report</a>. }

1. d4 Nf6 2. c4 e6 3. Nc3 d5 4. cxd5 exd5 5. Bg5 Nbd7 6. e3 Be7 7. Bd3 h6
8. Bh4 c6 9. Nge2 Ne4 10. Bxe4 Bxh4 11. Bd3 O-O 12. Qc2 Re8 13. Ng3 Be7 14.
Nf5 Bf8 15. g4 Nf6 16. h3 c5 17. O-O-O c4 18. Be2 b5 19. Nxb5 Rb8 20. Nc3
Qa5 21. Rd2 Bd7 22. Bf3 Rb6 23. Kd1 Reb8 24. Qc1 1/2-1/2

[Event "Bunratty Masters 2008"]
[Site "Bunratty IRL"]
[Date "2008.02.23"]
[Round "3"]
[White "Bjornsson, Gunnar"]
[Black "Wall, Gavin"]
[Result "0-1"]
[BlackTitle "IM"]
[WhiteElo "2149"]
[BlackElo "2305"]
[BlackICU "2287"]
[WhiteNationality "ISL"]
[BlackNationality "IRL"]
[WhiteFideId "2302039"]
[BlackFideId "2501244"]
[PlyCount "62"]
[EventDate "2008.02.22"]
[Source "TWIC 696"]
[WhiteFullName "Bj&ouml;rnsson, Gunnar"]

{ Event information: <a
href="https://www.irlchess.com/bunratty2008_allfiles/pairings_bunratty2008.html">Tournament
report</a>. }

1. e4 e5 2. Nf3 d6 3. d4 exd4 4. Nxd4 Nf6 5. Nc3 Be7 6. Be2 O-O 7. O-O c5
8. Nb3 a6 9. a4 Nc6 10. Be3 Nb4 11. f4 Qc7 12. Bf3 Re8 13. Qd2 Be6 14. Rad1
Rad8 15. Rfe1 Ng4 16. Bxg4 Bxg4 17. Rc1 Be6 18. Nd5 Nxd5 19. exd5 Bd7 20.
a5 Bf6 21. c4 b6 22. axb6 Qxb6 23. Na1 Qxb2 24. Rc2 Qb6 25. Ra2 Rxe3 26.
Rxe3 Bd4 27. Kf2 Qb1 28. Qc2 Bxe3+ 29. Kxe3 Re8+ 30. Kf3 Qf1+ 31. Kg3 Re3+
0-1

[Event "Bunratty Masters 2008"]
[Site "Bunratty IRL"]
[Date "2008.02.23"]
[Round "3"]
[White "Cooper, Lawrence"]
[Black "Collins, Sam"]
[Result "0-1"]
[WhiteTitle "IM"]
[BlackTitle "IM"]
[WhiteElo "2306"]
[BlackElo "2394"]
[BlackICU "2368"]
[BlackClub "Gonzaga"]
[WhiteNationality "ENG"]
[BlackNationality "IRL"]
[WhiteFideId "401536"]
[BlackFideId "2501198"]
[PlyCount "50"]
[EventDate "2008.02.22"]
[Source "TWIC 696"]

{ Event information: <a
href="https://www.irlchess.com/bunratty2008_allfiles/pairings_bunratty2008.html">Tournament
report</a>. }

1. e4 e5 2. Nf3 Nc6 3. Bb5 a6 4. Ba4 Nf6 5. O-O Nxe4 6. d4 b5 7. Bb3 d5 8.
dxe5 Be6 9. Be3 Be7 10. c3 O-O 11. Re1 Qd7 12. Nbd2 Rad8 13. Nxe4 dxe4 14.
Qxd7 Bxd7 15. Ng5 Nxe5 16. Nxe4 Nd3 17. Re2 c5 18. Bg5 Bxg5 19. Nxg5 h6 20.
Nf3 Bg4 21. Re3 Bxf3 22. Rxf3 Nxb2 23. Rb1 Rd2 24. Kf1 c4 25. Ke1 Rfd8 0-1

[Event "Bunratty Masters 2008"]
[Site "Bunratty IRL"]
[Date "2008.02.23"]
[Round "3"]
[White "Einarsson, Einar Kristinn"]
[Black "Short, Philip"]
[Result "0-1"]
[BlackTitle "FM"]
[WhiteElo "2067"]
[BlackElo "2300"]
[BlackICU "2265"]
[WhiteNationality "ISL"]
[BlackNationality "IRL"]
[WhiteFideId "2301105"]
[BlackFideId "2500086"]
[PlyCount "60"]
[EventDate "2008.02.22"]
[Source "TWIC 696"]

{ Event information: <a
href="https://www.irlchess.com/bunratty2008_allfiles/pairings_bunratty2008.html">Tournament
report</a>. }

1. d4 d6 2. e4 Nf6 3. Nc3 g6 4. Be2 Bg7 5. g4 e5 6. g5 Nfd7 7. d5 a6 8. a4
h6 9. gxh6 Bxh6 10. Bxh6 Rxh6 11. Qd2 Rh8 12. O-O-O Nf6 13. f4 exf4 14.
Qxf4 Qe7 15. Nf3 Nbd7 16. Rhf1 Nh5 17. Qe3 Ne5 18. Nxe5 Qxe5 19. Qf2 Rh7
20. Bxh5 Qxh5 21. e5 Bf5 22. exd6 cxd6 23. Rfe1+ Kf8 24. Qb6 Qxh2 25. Rd2
Qf4 26. b3 Rc8 27. Qe3 Qb4 28. Kb2 Rh3 29. Qe7+ Kg8 30. Nb1 Bxc2 0-1

[Event "Bunratty Masters 2008"]
[Site "Bunratty IRL"]
[Date "2008.02.23"]
[Round "3"]
[White "Fitzsimons, David"]
[Black "Gunnarsson, Jon"]
[Result "0-1"]
[BlackTitle "IM"]
[WhiteElo "2147"]
[BlackElo "2429"]
[WhiteICU "2115"]
[WhiteClub "Elm Mount"]
[WhiteNationality "IRL"]
[BlackNationality "ISL"]
[WhiteFideId "2501961"]
[BlackFideId "2300931"]
[PlyCount "50"]
[EventDate "2008.02.22"]
[Source "TWIC 696"]
[BlackFullName "Gunnarsson, J&oacute;n"]

{ Event information: <a
href="https://www.irlchess.com/bunratty2008_allfiles/pairings_bunratty2008.html">Tournament
report</a>. }

1. e4 c5 2. Nc3 Nc6 3. f4 g6 4. Nf3 Bg7 5. Bb5 d6 6. O-O e6 7. Bxc6+ bxc6
8. d3 Ne7 9. Qe1 O-O 10. f5 exf5 11. Qh4 f6 12. Be3 Be6 13. Rad1 Qd7 14.
Qg3 g5 15. exf5 Nxf5 16. Qf2 Nxe3 17. Qxe3 Rae8 18. Qd2 g4 19. Nh4 f5 20.
g3 Qb7 21. Qg5 Qxb2 22. Ne2 Qf6 23. Qh5 Bf7 24. Qxf5 Qxf5 25. Nxf5 Rxe2 0-1

[Event "Bunratty Masters 2008"]
[Site "Bunratty IRL"]
[Date "2008.02.23"]
[Round "3"]
[White "Fox, Anthony"]
[Black "Heidenfeld, Mark"]
[Result "0-1"]
[BlackTitle "IM"]
[WhiteElo "2100"]
[BlackElo "2343"]
[WhiteICU "2105"]
[BlackICU "2382"]
[WhiteClub "Dun Laoghaire"]
[BlackClub "Kilkenny"]
[WhiteNationality "IRL"]
[BlackNationality "IRL"]
[WhiteFideId "2500736"]
[BlackFideId "2500990"]
[PlyCount "96"]
[EventDate "2008.02.22"]
[Source "TWIC 696"]

{ Event information: <a
href="https://www.irlchess.com/bunratty2008_allfiles/pairings_bunratty2008.html">Tournament
report</a>. }

1. e4 e6 2. Nc3 d5 3. Nf3 Nf6 4. e5 Ne4 5. Ne2 Bc5 6. d4 Be7 7. Ng3 c5 8.
dxc5 Qa5+ 9. c3 Qxc5 10. Be3 Qa5 11. Qc2 Nxg3 12. hxg3 h6 13. Nd4 Nc6 14.
f4 Bd7 15. Bd3 Nxd4 16. Bxd4 Bb5 17. f5 Bxd3 18. Qxd3 exf5 19. Qxf5 Qa6 20.
e6 O-O 21. O-O-O Qxe6 22. Qxe6 fxe6 23. Rde1 Rfe8 24. Re2 Bd6 25. g4 Re7
26. Kc2 b6 27. Rh5 Rf8 28. g5 Rf5 29. Be3 Bc5 30. g4 Re5 31. Kd3 Bxe3 32.
Rxe3 Rxg5 33. Rxg5 hxg5 34. Re5 Kf7 35. Rxg5 g6 36. Re5 Kf6 37. Kd4 Rh7 38.
g5+ Ke7 39. Re2 Rh4+ 40. Kd3 Rh5 41. Rg2 Kd6 42. b3 a5 43. a3 b5 44. Rg3 e5
45. c4 bxc4+ 46. bxc4 d4 47. Ke4 Rh4+ 48. Kd3 Kc5 0-1

[Event "Bunratty Masters 2008"]
[Site "Bunratty IRL"]
[Date "2008.02.23"]
[Round "3"]
[White "Griffiths, Ryan-Rhys"]
[Black "Orr, Mark J. L."]
[Result "1/2-1/2"]
[BlackTitle "IM"]
[WhiteElo "2039"]
[BlackElo "2258"]
[WhiteICU "1993"]
[BlackICU "2235"]
[WhiteClub "Kilkenny"]
[BlackClub "Wandering Dragons SCO"]
[WhiteNationality "IRL"]
[BlackNationality "IRL"]
[WhiteFideId "2502054"]
[BlackFideId "2500035"]
[PlyCount "65"]
[EventDate "2008.02.22"]
[Source "TWIC 696"]

{ Event information: <a
href="https://www.irlchess.com/bunratty2008_allfiles/pairings_bunratty2008.html">Tournament
report</a>. }

1. e4 c5 2. Nf3 Nc6 3. d4 cxd4 4. Nxd4 g6 5. c4 Nf6 6. Nc3 Nxd4 7. Qxd4 d6
8. Bg5 Bg7 9. Nd5 O-O 10. Bxf6 exf6 11. Qd2 Re8 12. Ne3 Rxe4 13. O-O-O f5
14. Qxd6 Qxd6 15. Rxd6 Be6 16. g3 Bd4 17. Bd3 Bxe3+ 18. fxe3 Rxe3 19. Kd2
Re5 20. Re1 Rxe1 21. Kxe1 Kf8 22. Kd2 Ke7 23. Rd4 Rd8 24. Rxd8 Kxd8 25. Ke3
Ke7 26. Kd4 b6 27. b4 Kd6 28. Be2 f6 29. Bd1 Bd7 30. Bb3 Bc6 31. Bc2 Bf3
32. Bd3 Bd1 33. Bf1 1/2-1/2

[Event "Bunratty Masters 2008"]
[Site "Bunratty IRL"]
[Date "2008.02.23"]
[Round "3"]
[White "Hanly, Steven"]
[Black "Lyons, Brendan"]
[Result "1/2-1/2"]
[WhiteElo "2020"]
[BlackElo "2115"]
[WhiteICU "1972"]
[BlackICU "1876"]
[WhiteClub "Shannon"]
[BlackClub "St. Benildus"]
[WhiteNationality "IRL"]
[BlackNationality "IRL"]
[WhiteFideId "2502232"]
[BlackFideId "2500698"]
[PlyCount "30"]
[EventDate "2008.02.22"]
[Source "TWIC 696"]

{ Event information: <a
href="https://www.irlchess.com/bunratty2008_allfiles/pairings_bunratty2008.html">Tournament
report</a>. }

1. d4 d5 2. Nf3 h6 3. e3 Bf5 4. c4 e6 5. Qb3 b6 6. Ne5 c6 7. Nc3 f6 8. Nf3
Bd6 9. Be2 Ne7 10. Bd2 Nd7 11. Na4 dxc4 12. Qd1 b5 13. Nc3 Nd5 14. Nh4 O-O
15. Nxf5 exf5 1/2-1/2

[Event "Bunratty Masters 2008"]
[Site "Bunratty IRL"]
[Date "2008.02.23"]
[Round "3"]
[White "Heinrich, Jan"]
[Black "Healy, Tom"]
[Result "1/2-1/2"]
[WhiteElo "2133"]
[BlackElo "2016"]
[WhiteICU "2084"]
[BlackICU "1833"]
[WhiteNationality "SVK"]
[BlackNationality "IRL"]
[WhiteFideId "14902060"]
[BlackFideId "2501635"]
[PlyCount "33"]
[EventDate "2008.02.22"]
[Source "TWIC 696"]

{ Event information: <a
href="https://www.irlchess.com/bunratty2008_allfiles/pairings_bunratty2008.html">Tournament
report</a>. }

1. d4 Nf6 2. Nf3 g6 3. g3 Bg7 4. Bg2 O-O 5. O-O d5 6. c4 e6 7. Nbd2 Nbd7 8.
Qc2 b6 9. b3 Bb7 10. Bb2 c5 11. Rac1 Rc8 12. Qb1 cxd4 13. Nxd4 Nc5 14. Rfd1
Qe7 15. cxd5 exd5 16. h3 Nce4 17. Nxe4 1/2-1/2

[Event "Bunratty Masters 2008"]
[Site "Bunratty IRL"]
[Date "2008.02.23"]
[Round "3"]
[White "O'Shea, Kevin"]
[Black "Armstrong, Malcolm J."]
[Result "1/2-1/2"]
[WhiteElo "2035"]
[BlackElo "2109"]
[WhiteICU "1923"]
[WhiteClub "Douglas"]
[WhiteNationality "IRL"]
[BlackNationality "ENG"]
[WhiteFideId "2501902"]
[BlackFideId "409049"]
[PlyCount "27"]
[EventDate "2008.02.22"]
[Source "TWIC 696"]

{ Event information: <a
href="https://www.irlchess.com/bunratty2008_allfiles/pairings_bunratty2008.html">Tournament
report</a>. }

1. g3 Nf6 2. Bg2 d5 3. Nf3 Bf5 4. O-O e6 5. d3 Be7 6. Nbd2 c6 7. Qe1 O-O 8.
e4 Bg6 9. Ne5 Qc7 10. Nxg6 hxg6 11. Nf3 dxe4 12. dxe4 e5 13. Qe2 Nbd7 14.
Bg5 1/2-1/2

[Event "Bunratty Masters 2008"]
[Site "Bunratty IRL"]
[Date "2008.02.23"]
[Round "3"]
[White "Osborne, Sam"]
[Black "Delaney, Killian"]
[Result "1/2-1/2"]
[WhiteElo "1986"]
[BlackElo "1984"]
[WhiteICU "2045"]
[BlackICU "2001"]
[WhiteClub "St. Benildus"]
[BlackClub "Rathmines"]
[WhiteNationality "IRL"]
[BlackNationality "IRL"]
[WhiteFideId "2501791"]
[BlackFideId "2501570"]
[PlyCount "34"]
[EventDate "2008.02.22"]
[Source "TWIC 696"]

{ Event information: <a
href="https://www.irlchess.com/bunratty2008_allfiles/pairings_bunratty2008.html">Tournament
report</a>. }

1. e4 d6 2. d4 e5 3. dxe5 dxe5 4. Qxd8+ Kxd8 5. Nc3 c6 6. Bc4 f6 7. Be3 Kc7
8. Nge2 b5 9. Bb3 a5 10. a4 b4 11. Nb1 Na6 12. Ng3 g6 13. O-O Bc5 14. Bxc5
Nxc5 15. Nd2 Ba6 16. Rfe1 Rd8 17. Rad1 Ne7 1/2-1/2

[Event "Bunratty Masters 2008"]
[Site "Bunratty IRL"]
[Date "2008.02.23"]
[Round "3"]
[White "Quinn, Mark"]
[Black "Pert, Nick"]
[Result "0-1"]
[WhiteTitle "IM"]
[BlackTitle "GM"]
[WhiteElo "2403"]
[BlackElo "2528"]
[WhiteICU "2366"]
[WhiteClub "Kilkenny"]
[WhiteNationality "IRL"]
[BlackNationality "ENG"]
[WhiteFideId "2500450"]
[BlackFideId "403989"]
[PlyCount "84"]
[EventDate "2008.02.22"]
[Source "TWIC 696"]

{ Event information: <a
href="https://www.irlchess.com/bunratty2008_allfiles/pairings_bunratty2008.html">Tournament
report</a>. }

1. d4 d5 2. c4 c6 3. Nf3 Nf6 4. g3 Bf5 5. Nc3 e6 6. Bg2 Nbd7 7. Qb3 Qb6 8.
c5 Qxb3 9. axb3 Be7 10. b4 O-O 11. O-O Ne4 12. Re1 Bf6 13. Bf4 Rfd8 14. Bf1
a6 15. h3 g5 16. Be3 h6 17. Nxe4 dxe4 18. Nd2 Nf8 19. Nb3 Rd7 20. g4 Bh7
21. Bg2 Rad8 22. Bd2 Bxd4 23. Nxd4 Rxd4 24. Bc3 R4d5 25. Bf6 Re8 26. Bc3 f5
27. e3 Ng6 28. Bf1 Nh4 29. Red1 Red8 30. Be2 Kf7 31. Rdc1 Bg6 32. Rc2 Ke7
33. Kh2 Nf3+ 34. Kg2 h5 35. Bc4 R5d7 36. Be2 f4 37. b3 e5 38. Rb2 hxg4 39.
hxg4 Nh4+ 40. Kg1 Kf6 41. Rbb1 Bf7 42. Rb2 Be6 0-1

[Event "Bunratty Masters 2008"]
[Site "Bunratty IRL"]
[Date "2008.02.23"]
[Round "3"]
[White "Short, Stephen"]
[Black "Johannesson, Ingvar Thor"]
[Result "0-1"]
[BlackTitle "FM"]
[WhiteElo "2033"]
[BlackElo "2338"]
[WhiteICU "1807"]
[WhiteNationality "IRL"]
[BlackNationality "ISL"]
[WhiteFideId "2500108"]
[BlackFideId "2301490"]
[PlyCount "56"]
[EventDate "2008.02.22"]
[Source "TWIC 696"]
[BlackFullName "J&oacute;hannesson, Ingvar &THORN;or"]

{ Event information: <a
href="https://www.irlchess.com/bunratty2008_allfiles/pairings_bunratty2008.html">Tournament
report</a>. }

1. e4 g6 2. d4 Bg7 3. Nc3 d6 4. Bg5 a6 5. f4 Nd7 6. Nf3 b5 7. Bd3 c5 8. e5
cxd4 9. Be4 dxc3 10. Bxa8 cxb2 11. Rb1 dxe5 12. fxe5 Nxe5 13. Qxd8+ Kxd8
14. O-O Nc4 15. Rfd1+ Kc7 16. Nd4 Bg4 17. Rd3 Nf6 18. Bf3 Bxf3 19. Nxf3 Rd8
20. Bf4+ Kc8 21. Ne5 Nh5 22. Rxd8+ Kxd8 23. Rd1+ Kc8 24. Nxc4 bxc4 25. Be3
Be5 26. Bc5 Nf4 27. Kf2 Nd3+ 28. cxd3 c3 0-1